EFL League 1 2022/23 - Statistics

General Stats
  • This quiz has been taken 30 times
  • The average score is 17 of 24
Answer Stats
Standing Team W D L GF GA Pts % Correct
Champions Plymouth Argyle 31 8 7 82 47 101
93%
4th Barnsley 26 8 12 80 47 86
89%
2nd Ipswich Town 28 14 4 101 35 98
89%
6th Peterborough United 24 5 17 75 54 77
89%
5th Bolton 23 12 11 62 36 81
82%
8th Portsmouth 17 19 10 61 50 70
82%
3rd Sheffield Wednesday 28 12 6 81 37 96
82%
24th Forest Green Rovers 6 9 31 31 89 27
79%
9th Wycombe 20 9 17 59 51 69
79%
21st MK Dons 11 12 23 44 66 45
75%
7th Derby County 21 13 12 67 46 76
71%
13th Fleetwood Town 14 16 16 53 51 58
71%
19th Oxford United 11 14 21 49 56 47
71%
17th Bristol Rovers 14 11 21 58 73 53
68%
15th Burton Albion 15 11 20 57 79 56
68%
14th Exeter City 15 11 20 64 68 56
68%
11th Lincoln City 14 20 12 47 47 62
68%
20th Cambridge United 13 7 26 41 68 46
61%
18th Port Vale 13 10 23 48 71 49
61%
12th Shrewsbury Town 17 8 21 52 61 59
61%
23rd Accrington Stanley 11 11 24 40 77 44
57%
10th Charlton Athletic 16 14 16 70 66 62
57%
16th Cheltenham 14 12 20 45 61 54
54%
22nd Morecambe 10 14 22 47 78 44
54%
No matching quizzes found
Score Distribution
Percent of People with Each Score
Percentile by Number Answered
Your Score History
You have not taken this quiz